Estado de la Nación en Desarrollo Humano Sostenible /
Сохранить в:
| Соавтор: | |
|---|---|
| Формат: | |
| Язык: | Spanish |
| Опубликовано: |
San José, Costa Rica
Programa Estado de la Nación; CONARE; Defensoría de los Habitantes;
|
| Предметы: | |
| Метки: |
Добавить метку
Нет меток, Требуется 1-ая метка записи!
|
MARC
| LEADER | 00000nam a22000007a 4500 | ||
|---|---|---|---|
| 003 | cru CIDCACS/IIS | ||
| 005 | 20200925161254.0 | ||
| 007 | ta | ||
| 008 | 170322| cr ||||| |||| 00| 0 spa d | ||
| 040 | |c CRAI/IIS |a CRAI/IIS | ||
| 090 | |a REV1419 | ||
| 110 | 2 | |9 197 |a Programa Estado de La Nación (Costa Rica) | |
| 245 | 1 | |a Estado de la Nación en Desarrollo Humano Sostenible / |c Programa Estado de la Nación | |
| 260 | |a San José, Costa Rica |b Programa Estado de la Nación; |b CONARE; |b Defensoría de los Habitantes; | ||
| 270 | |e Apado. 1174-1200 |b Pavas |d Costa Rica | ||
| 310 | |a Anual | ||
| 500 | |a Cada documento tiene un ISBN, no tiene un ISSN como serie | ||
| 500 | |a EXISTENCIAS : 1994 (1994) 1997-1999 (1996-1998*) Resumen (1997) 2000 (1999 n. 6) 2001 (n. 7) 2002 (2001n. 8) 2003 (2002 No.9) 2004 (2003 No 10) 2005 (2004 No.11) 2006(2005 No.12) 2007(2006 No.13) 2008 (2007 No.14) | ||
| 650 | 1 | 0 | |9 71 |a DESARROLLO ECONOMICO Y SOCIAL |
| 650 | 1 | 0 | |9 341 |a MEDIO AMBIENTE |
| 650 | 4 | |9 2011 |a RECURSOS NATURALES | |
| 650 | 4 | |9 2649 |a ESTRATEGIA DEL DESARROLLO | |
| 650 | 1 | 0 | |9 2125 |a PARTICIPACIÓN SOCIAL |
| 650 | 1 | 0 | |9 2105 |a INDICADORES SOCIALES |
| 650 | 1 | 0 | |9 944 |a EDUCACION |
| 650 | 1 | 0 | |9 2449 |a SALUD |
| 650 | 1 | 0 | |9 284 |a POBREZA |
| 650 | 1 | 0 | |9 861 |a VIVIENDA |
| 942 | |2 ddc |c PP | ||
| 999 | |c 19027 |d 19027 | ||
